Every NHL Teams Defenseman GOAT - Statistics

General Stats
  • This quiz has been taken 10 times
  • The average score is 22 of 32
Answer Stats
Team Player % Correct
Bruins Bobby Orr
100%
Red Wings Nicklas Lidstrom
100%
Avalanche Cale Makar
89%
Predators Roman Josi
89%
Lightning Victor Hedman
89%
Panthers Aaron Ekblad
78%
Sharks Brent Burns
78%
Kings Drew Doughty
78%
Penguins Kris Letang
78%
Canadiens Larry Robinson
78%
Flames Al MacInnis
67%
Blues Al MacInnis
67%
Maple Leafs Borje Salming
67%
Rangers Brian Leetch
67%
Islanders Denis Potvin
67%
Senators Erik Karlsson
67%
Capitals John Carlson
67%
Mammoth Mikhail Sergachev
67%
Oilers Paul Coffey
67%
Sabres Phil Housley
67%
Canucks Quinn Hughes
67%
Ducks Scott Niedermayer
67%
Devils Scott Stevens
67%
Blue Jackets Zach Werenski
67%
Blackhawks Duncan Keith
56%
Jets Josh Morrissey
56%
Flyers Mark Howe
56%
Stars Sergei Zubov
56%
Golden Knights Shea Theodore
56%
Kraken Vince Dunn
56%
Hurricanes Jaccob Slavin
44%
Wild Jared Spurgeon
33%
No matching quizzes found
Score Distribution
Percent of People with Each Score
Percentile by Number Answered
Your Score History
You have not taken this quiz